000 00861nam a2200277Ia 4500
003 OSt
005 20220928112534.0
006 a|||||r|||| 00| 0
007 ta
008 220927b |||||||| |||| 00| 0 eng d
020 _c699
024 _a110462
037 _b209, 06/01/2011, Pioneer Book Distributors
_cTextual
040 _aSDCL
_cSDCL
_beng
041 _2eng
_aeng
082 _aD6,8(B),22, P5
100 _aConnolly Thomas M
_9428624
245 0 _aDatabase systems
_b A practical approach to design, implementation and management.
250 _a4
260 _aDelhi
_bPearson
_c2005
300 _al,1374p.
_ccm.
650 _aI I C
700 _a Begg Carolyn E
_9428625
942 _hD6,8(B),22, P5
_cTEXL
_2CC
999 _c745174
_d745174